000 01005nam a22002777i 4500
003 URS
005 20220117150827.0
008 190530t2015 ph ||||| |||| 00| 0 eng d
020 _a978-621-409-010-5
040 _beng
_erda
_cURS
050 1 4 _aDS 668
_bG1652 2015
100 1 _aGarcia, Carlito D,
_eauthor
245 1 0 _aPhilippine history and government for college students /
_cCarlito D. Garcia.
250 _aRevised edition.
264 1 _aQuezon City :
_bBooks Atbp. Publishing Corporation,
_c[2015]
264 4 _c© 2015
300 _aix, 445 pages :
_billustrations ;
_c27 cm
336 _2rdacontent
_atext
337 _2rdamedia
_aunmediated
338 _2rdacarrier
_avolume
504 _aIncludes bibliographical references.
524 _aGarcia, C. D. (2015). Philippine history and government for college students. (Rev. edition). Quezon City: Books Atbp. Publishing Corporation.
651 0 _aPhilippines
_xHistory
651 0 _aPhilippines
_xPolitics and government
942 _2lcc
_cF
999 _c7500
_d7500